[Event "4NCL Online Division 4"]
[Site "online"]
[Date "2020.09.08"]
[Round "2.103"]
[White "Khandelwal, Akshaj"]
[Black "Jayawarna, Tarini"]
[Result "0-1"]
[WhiteElo "1150"]
[BlackElo "1712"]
[PlyCount "64"]
[EventDate "2020.09.08"]
[WhiteTeam "Watford Juniors A"]
[BlackTeam "Manchester Juniors A"]

1. d4 Nf6 2. c4 g6 3. Nc3 Bg7 4. e4 d6 5. Nf3 O-O 6. Bd3 e5 7. dxe5 dxe5 8.
Nxe5 Nxe4 9. Nxe4 Bxe5 10. O-O Nc6 11. Bh6 Re8 12. Nc3 Qh4 13. f4 Bd4+ 14. Kh1
Qxh6 15. Qb3 Bxc3 16. Qxc3 Qg7 17. Qb3 b6 18. Rfe1 Bb7 19. c5 Rad8 20. Bc4 Na5
21. Rxe8+ Rxe8 22. Qa4 Rd8 23. Re1 Nxc4 24. Qxc4 bxc5 25. Qb5 Ba8 26. h3 a6 27.
Qb3 Bc6 28. Re2 Qd4 29. Re1 Qf2 30. Rg1 c4 31. Qxc4 Rd1 32. Rxd1 Qxg2# 0-1

[Event "4NCL Online Division 4"]
[Site "online"]
[Date "2020.09.08"]
[Round "2.104"]
[White "Jayawarna, Thisumi"]
[Black "George, Seb"]
[Result "1-0"]
[WhiteElo "1705"]
[BlackElo "1150"]
[PlyCount "67"]
[EventDate "2020.09.08"]
[WhiteTeam "Manchester Juniors A"]
[BlackTeam "Watford Juniors A"]

1. e4 e5 2. Nf3 Nc6 3. Bc4 Nf6 4. Ng5 d5 5. exd5 Na5 6. Bb5+ c6 7. dxc6 bxc6 8.
Be2 h6 9. Nf3 e4 10. Ne5 Bd6 11. Nc4 Nxc4 12. Bxc4 Bc5 13. O-O Ng4 14. Qe2 Qh4
15. h3 e3 16. hxg4 Bxg4 17. Qe1 O-O-O 18. fxe3 Qxe1 19. Rxe1 f5 20. Kh1 g5 21.
Nc3 f4 22. exf4 Rd4 23. Be6+ Bxe6 24. Rxe6 Rxf4 25. Rxc6+ Kb7 26. Rxc5 g4 27.
d3 Rf1+ 28. Kh2 g3+ 29. Kh3 h5 30. Kh4 Rg8 31. Rb5+ Ka8 32. Rg5 Rh1+ 33. Kxg3
h4+ 34. Kg4 1-0

[Event "4NCL Online Division 4"]
[Site "online"]
[Date "2020.09.08"]
[Round "2.111"]
[White "Brennan, Oliver"]
[Black "Rossiter, Alex"]
[Result "0-1"]
[WhiteElo "1772"]
[BlackElo "1967"]
[PlyCount "114"]
[EventDate "2020.09.08"]
[WhiteTeam "Darnall & Handsworth"]
[BlackTeam "Bristol Cabot Blackbeards"]

1. e4 e5 2. f4 exf4 3. Bc4 Qh4+ 4. Kf1 d6 5. d4 Be6 6. d5 Bg4 7. Nf3 Qh6 8. Qd4
Nd7 9. Nc3 Bxf3 10. gxf3 Qh3+ 11. Ke2 Qg2+ 12. Qf2 Qxh1 13. b3 Ne5 14. Bb2
Qxf3+ 15. Qxf3 Nxf3 16. Kxf3 O-O-O 17. Nb5 a6 18. Nd4 Ne7 19. h4 h6 20. Rg1 Rg8
21. h5 g5 22. Nf5 Nxf5 23. exf5 Bg7 24. f6 Bh8 25. Bd3 Rge8 26. Bf5+ Kb8 27.
Bd4 Ka8 28. Be4 b5 29. b4 Kb7 30. Rc1 Ra8 31. Bf5 Rad8 32. Bh3 c5 33. dxc6+
Kxc6 34. Bg2 d5 35. Kg4 Rd6 36. c4 bxc4 37. Rxc4+ Kb5 38. Rc7 Bxf6 39. Bf1+ Ka4
40. Bc5 Rde6 41. Ra7 Ka3 42. Bxa6 Kb2 43. Rxf7 Rxa6 44. Rxf6 Rxf6 45. Bd4+ Kxa2
46. Bxf6 Kb3 47. Bg7 Re6 48. Kf5 Rb6 49. Bf8 f3 50. Bc5 Rxb4 51. Kg6 d4 52.
Kxh6 f2 53. Kxg5 Rb5 54. Kg6 Rxc5 55. h6 f1=Q 56. h7 Qf5+ 57. Kh6 Qg5# 0-1

[Event "4NCL Online Division 4"]
[Site "online"]
[Date "2020.09.08"]
[Round "2.112"]
[White "Marston, Alastair"]
[Black "Chatterton, Craig"]
[Result "1-0"]
[WhiteElo "1742"]
[BlackElo "1570"]
[PlyCount "97"]
[EventDate "2020.09.08"]
[WhiteTeam "Bristol Cabot Blackbeards"]
[BlackTeam "Darnall & Handsworth"]

1. Nf3 Nf6 2. d4 g6 3. c4 Bg7 4. Nc3 O-O 5. e4 d6 6. Be2 Na6 7. Be3 e5 8. O-O
exd4 9. Nxd4 Nc5 10. f3 a5 11. Ndb5 b6 12. Qd2 Qe7 13. Bg5 Bb7 14. Nd5 Bxd5 15.
cxd5 Qd7 16. Nd4 Qa4 17. Nc6 Nfd7 18. Bh6 Bxh6 19. Qxh6 Ne5 20. b3 Qa3 21. Nxe5
dxe5 22. Qc1 Qb4 23. Qc4 Qd2 24. Rfc1 Qe3+ 25. Kh1 Rfd8 26. Rc3 Qg5 27. Rd1 Qf6
28. a3 Rdc8 29. Rc2 Qd6 30. b4 axb4 31. axb4 Nb7 32. Qc6 Nd8 33. Qc3 Ra4 34.
Rb1 Kg7 35. Bb5 Ra7 36. f4 f6 37. fxe5 fxe5 38. Qg3 c5 39. dxc6 Nxc6 40. Bxc6
Rxc6 41. Rxc6 Qxc6 42. Qxe5+ Kh6 43. Rf1 Qc4 44. Qf4+ Kh5 45. g4+ Kh4 46. Qg3+
Kg5 47. h4+ Kh6 48. Qf4+ Kg7 49. Qf8# 1-0

[Event "4NCL Online Division 4"]
[Site "online"]
[Date "2020.09.08"]
[Round "2.113"]
[White "Feather, Harry"]
[Black "Burnett, Philip"]
[Result "1-0"]
[WhiteElo "1562"]
[BlackElo "1397"]
[PlyCount "51"]
[EventDate "2020.09.08"]
[WhiteTeam "Darnall & Handsworth"]
[BlackTeam "Bristol Cabot Blackbeards"]

1. f4 d5 2. Nf3 e6 3. e3 Nf6 4. b3 Be7 5. Be2 b6 6. O-O O-O 7. Ba3 Bxa3 8. Nxa3
a6 9. c3 Bb7 10. b4 c5 11. bxc5 bxc5 12. Rb1 Bc6 13. Ne5 Qd6 14. c4 Nbd7 15.
Nxc6 Qxc6 16. Qc2 Rab8 17. Bf3 Qc7 18. Qd3 dxc4 19. Nxc4 Rfd8 20. Rxb8 Nxb8 21.
Qb3 Nbd7 22. Qb7 Qxb7 23. Bxb7 Nb8 24. Rb1 a5 25. Rb5 Rd7 26. Bc8 1-0

[Event "4NCL Online Division 4"]
[Site "online"]
[Date "2020.09.08"]
[Round "2.114"]
[White "Saha, Soumil"]
[Black "Oughton, John M"]
[Result "1/2-1/2"]
[WhiteElo "1060"]
[BlackElo "1210"]
[PlyCount "29"]
[EventDate "2020.09.08"]
[WhiteTeam "Bristol Cabot Blackbeards"]
[BlackTeam "Darnall & Handsworth"]

1. d4 d5 2. Bf4 Nf6 3. Nf3 Nc6 4. e3 Bf5 5. c3 e6 6. Ne5 Nxe5 7. Bxe5 Bd6 8.
Bxd6 Qxd6 9. Nd2 O-O 10. Nf3 h6 11. Bd3 Bxd3 12. Qxd3 Ne4 13. Ne5 a6 14. O-O
Rad8 15. h3 1/2-1/2

[Event "4NCL Online Division 4"]
[Site "online"]
[Date "2020.09.08"]
[Round "2.121"]
[White "Vaidyanathan, Adithya"]
[Black "Allison, Conrad"]
[Result "0-1"]
[WhiteElo "1472"]
[BlackElo "1837"]
[PlyCount "122"]
[EventDate "2020.09.08"]
[WhiteTeam "Warwickshire Bears C"]
[BlackTeam "Kent KJCA Kestrels D"]

1. Nf3 d6 2. d4 Nf6 3. c4 g6 4. Nc3 Bg7 5. Bg5 O-O 6. e4 h6 7. Bf4 c5 8. d5 a6
9. a4 Nh5 10. Bd2 e6 11. Bd3 e5 12. O-O Nf4 13. Qc1 g5 14. Bc2 Bg4 15. Bxf4
gxf4 16. Kh1 Bxf3 17. gxf3 Qh4 18. Qe1 Kh8 19. Rg1 Nd7 20. Qf1 Rg8 21. Rg4 Qh5
22. Qe2 Bf6 23. Rag1 Rxg4 24. Rxg4 Rg8 25. a5 Bd8 26. Ba4 Nf6 27. Rxg8+ Kxg8
28. Bd1 Bxa5 29. Qc2 Kg7 30. Qb3 Bxc3 31. bxc3 b5 32. cxb5 axb5 33. Qxb5 Nxe4
34. Qb2 Ng5 35. Qe2 e4 36. fxe4 Qxe2 37. Bxe2 Nxe4 38. c4 Nd2 39. f3 Kf6 40.
Kg2 Ke5 41. Kh3 Kd4 42. Kg4 Ke3 43. Bd1 Nxc4 44. Kf5 Nb6 45. Kf6 Nxd5+ 46. Kxf7
Nc3 47. Bc2 Kxf3 48. Ke6 Ne4 49. Bd1+ Ke3 50. Kd5 f3 51. Bxf3 Kxf3 52. h4 Ke3
53. h5 Kd3 54. Kc6 c4 55. Kb5 c3 56. Kb4 c2 57. Kb3 c1=Q 58. Kb4 Qc5+ 59. Kb3
Qb5+ 60. Ka3 Kc3 61. Ka2 Qb2# 0-1

[Event "4NCL Online Division 4"]
[Site "online"]
[Date "2020.09.08"]
[Round "2.122"]
[White "Cook, John"]
[Black "Alexander, Ryan"]
[Result "0-1"]
[WhiteElo "1815"]
[BlackElo "1405"]
[PlyCount "92"]
[EventDate "2020.09.08"]
[WhiteTeam "Kent KJCA Kestrels D"]
[BlackTeam "Warwickshire Bears C"]

1. c4 e5 2. g3 Nf6 3. Bg2 Nc6 4. e4 Bc5 5. Ne2 d6 6. O-O Bg4 7. h3 Bxe2 8. Qxe2
O-O 9. a3 a5 10. b3 Nd4 11. Qd1 c6 12. Nc3 b5 13. cxb5 cxb5 14. Rb1 b4 15. Na4
Bb6 16. axb4 axb4 17. Bb2 Nc6 18. Rc1 Ne7 19. d4 Ng6 20. Qd2 Ba5 21. Rc6 Ne7
22. Rc2 Ng6 23. Rfc1 Qd7 24. dxe5 dxe5 25. Nc5 Qe7 26. Kh2 Rfd8 27. Qe2 Bb6 28.
Qb5 Bxc5 29. Rxc5 Rab8 30. Qc4 Nd7 31. Rc7 Nb6 32. Qa6 Qe6 33. Qe2 Qxb3 34. h4
Na4 35. Ba1 Qe6 36. h5 Nf8 37. Bh3 Qf6 38. R1c6 Rd6 39. Rxd6 Qxd6 40. Qc4 Ne6
41. Rc6 Nb6 42. Qb5 Nd4 43. Bxd4 Qxd4 44. Bf5 Qxf2+ 45. Kh3 Qf1+ 46. Kh2 Qxb5
0-1

[Event "4NCL Online Division 4"]
[Site "online"]
[Date "2020.09.08"]
[Round "2.123"]
[White "Xia, Weiquan"]
[Black "Moore, Eoin"]
[Result "0-1"]
[WhiteElo "1390"]
[BlackElo "1742"]
[PlyCount "78"]
[EventDate "2020.09.08"]
[WhiteTeam "Warwickshire Bears C"]
[BlackTeam "Kent KJCA Kestrels D"]

1. d4 Nf6 2. Bf4 g6 3. Nc3 d5 4. Nf3 Bg7 5. e3 O-O 6. Bd3 c5 7. b3 Nc6 8. O-O
Bg4 9. dxc5 Ne4 10. Nxe4 dxe4 11. Bxe4 Bxa1 12. Qxa1 f6 13. h3 Bxf3 14. Bxf3
Qa5 15. Bxc6 bxc6 16. Qd4 e5 17. Qc4+ Kg7 18. Bh2 Qxa2 19. Qc3 Qa6 20. Rd1 Rfd8
21. Rf1 Qe2 22. Qa1 Qxc2 23. Bg3 Qxb3 24. Qc1 a5 25. Qb1 Qxb1 26. Rxb1 Rdb8 27.
Rd1 a4 28. Rd7+ Kg8 29. f3 a3 30. Rd1 a2 31. Kf2 Rb1 32. Bxe5 fxe5 33. Rxb1
axb1=Q 34. Kg3 Qe1+ 35. Kg4 Qxe3 36. Kg3 Qf4+ 37. Kf2 Ra2+ 38. Kg1 Qg3 39. h4
Qxg2# 0-1

[Event "4NCL Online Division 4"]
[Site "online"]
[Date "2020.09.08"]
[Round "2.124"]
[White "Dorman, Orla"]
[Black "Purushothaman, Amitesh"]
[Result "1-0"]
[WhiteElo "1757"]
[BlackElo "1352"]
[PlyCount "85"]
[EventDate "2020.09.08"]
[WhiteTeam "Kent KJCA Kestrels D"]
[BlackTeam "Warwickshire Bears C"]

1. e4 c5 2. Nf3 e6 3. c3 Nf6 4. e5 Nd5 5. d4 cxd4 6. cxd4 Nc6 7. Be2 Be7 8. O-O
O-O 9. Nc3 Nxc3 10. bxc3 a6 11. c4 d6 12. exd6 Bxd6 13. Bg5 f6 14. Be3 Ne7 15.
Qb3 Nf5 16. Bd2 Nxd4 17. Nxd4 Be5 18. Nxe6 Bxe6 19. Rad1 Qc7 20. h3 Rfd8 21.
Be3 Qf7 22. Rxd8+ Rxd8 23. Rd1 Rxd1+ 24. Qxd1 Qc7 25. Qd3 Qd6 26. Qxd6 Bxd6 27.
c5 Be5 28. Bf3 Bxa2 29. Bxb7 a5 30. c6 Bd5 31. Bb6 a4 32. Ba8 a3 33. c7 Bxc7
34. Bxd5+ Kf8 35. Bxc7 Ke7 36. Ba5 Kd6 37. Bg8 Kc5 38. Bd2 Kb5 39. Bc3 Ka4 40.
Bxh7 Kb3 41. Bxf6 gxf6 42. Bg8+ Kb4 43. h4 1-0

[Event "4NCL Online Division 4"]
[Site "online"]
[Date "2020.09.08"]
[Round "2.131"]
[White "Tarling, Ray"]
[Black "O'Byrne, Daniel"]
[Result "0-1"]
[WhiteElo "1922"]
[BlackElo "1742"]
[PlyCount "88"]
[EventDate "2020.09.08"]
[WhiteTeam "Guildford Gatekeepers"]
[BlackTeam "War & Piece 1"]

1. e4 e5 2. Nf3 Nf6 3. Nxe5 Qe7 4. Nf3 Qxe4+ 5. Be2 Qc6 6. Nc3 Be7 7. d4 O-O 8.
O-O d5 9. Ne5 Qb6 10. Na4 Qe6 11. Bd3 Nbd7 12. Nf3 Ne4 13. Re1 f5 14. b3 c6 15.
c4 Bd6 16. Bd2 a6 17. cxd5 cxd5 18. Nc3 Ndf6 19. Ne2 Ng4 20. Rf1 Bd7 21. Bf4
Bxf4 22. Nxf4 Qd6 23. Nxd5 Bc6 24. Ne3 Nexf2 25. Rxf2 Nxe3 26. Qd2 Ng4 27. Re2
Bxf3 28. Bc4+ Bd5 29. Bxd5+ Qxd5 30. h3 Nf6 31. Re5 Qd7 32. Qd3 Ne4 33. Rf1
Rac8 34. d5 Rc3 35. Qd4 Rc2 36. g4 Qd6 37. Rfxf5 Rxf5 38. gxf5 Nd2 39. Re8+ Kf7
40. Qe3 Ne4 41. Rxe4 Qh2+ 42. Kf1 Qg2+ 43. Ke1 Qh1+ 44. Qg1 Qxg1# 0-1

[Event "4NCL Online Division 4"]
[Site "online"]
[Date "2020.09.08"]
[Round "2.132"]
[White "Kelly, Richard"]
[Black "Merriman, Rob"]
[Result "1-0"]
[WhiteElo "1817"]
[BlackElo "1795"]
[PlyCount "69"]
[EventDate "2020.09.08"]
[WhiteTeam "War & Piece 1"]
[BlackTeam "Guildford Gatekeepers"]

1. d4 e6 2. c4 Nf6 3. Nc3 Bb4 4. Bg5 h6 5. Bh4 c5 6. d5 d6 7. e3 Qe7 8. Bd3
Nbd7 9. Nge2 exd5 10. cxd5 Qe5 11. O-O Nxd5 12. Bg3 Qe6 13. Nb5 Ba5 14. Nxd6+
Kf8 15. Bf5 Nxe3 16. Bxe6 Nxd1 17. Nxc8 fxe6 18. Rfxd1 Nf6 19. Nd6 Bb6 20. Nf4
Kg8 21. Nxe6 Kh7 22. Rac1 Nh5 23. Nc4 Nxg3 24. hxg3 Rae8 25. Rd6 Re7 26. Nxb6
axb6 27. Rxb6 Rhe8 28. Nxc5 Rc8 29. b4 Re2 30. Rxb7 Rxa2 31. Nd3 Re8 32. Nf4 h5
33. Rcc7 Re1+ 34. Kh2 Raa1 35. Rxg7+ 1-0

[Event "4NCL Online Division 4"]
[Site "online"]
[Date "2020.09.08"]
[Round "2.133"]
[White "Kammin, Samuel"]
[Black "Chwieseni, Edward I"]
[Result "1-0"]
[WhiteElo "1780"]
[BlackElo "1696"]
[PlyCount "105"]
[EventDate "2020.09.08"]
[WhiteTeam "Guildford Gatekeepers"]
[BlackTeam "War & Piece 1"]

1. d4 Nf6 2. Nf3 g6 3. c4 e6 4. Nc3 d5 5. Bg5 Bg7 6. e4 dxe4 7. Nxe4 Nbd7 8.
Qa4 O-O 9. Ne5 Nb6 10. Qc2 Nbd7 11. Ng4 b6 12. Bd3 Bb7 13. O-O h5 14. Ngxf6+
Nxf6 15. Nxf6+ Bxf6 16. Bxf6 Qxf6 17. Be4 Bxe4 18. Qxe4 c6 19. Rfd1 Rac8 20. b4
Qe7 21. c5 Rfd8 22. f4 Rd5 23. Rd3 Rcd8 24. Rad1 Qf6 25. cxb6 axb6 26. g3 Qe7
27. a3 f5 28. Qe2 Qf6 29. Qe3 Kf7 30. R1d2 b5 31. Kf1 h4 32. Ke1 hxg3 33. hxg3
Qh8 34. Kd1 Qh1+ 35. Kc2 Qa1 36. Rc3 Qa2+ 37. Kd1 Qb1+ 38. Ke2 R8d6 39. Rd1 Qe4
40. Qxe4 fxe4 41. Ke3 g5 42. Kxe4 gxf4 43. gxf4 Rh5 44. Rdc1 Rh2 45. Rxc6 Rxc6
46. Rxc6 Re2+ 47. Kd3 Ra2 48. Rb6 Rxa3+ 49. Ke4 Ra1 50. Rxb5 Re1+ 51. Kd3 Kf6
52. Re5 Re2 53. Kxe2 1-0

[Event "4NCL Online Division 4"]
[Site "online"]
[Date "2020.09.08"]
[Round "2.134"]
[White "Morrison, Munroe L"]
[Black "Tarling, Adam"]
[Result "1/2-1/2"]
[WhiteElo "1675"]
[BlackElo "1720"]
[PlyCount "120"]
[EventDate "2020.09.08"]
[WhiteTeam "War & Piece 1"]
[BlackTeam "Guildford Gatekeepers"]

1. e4 e5 2. Nc3 Nc6 3. Bc4 Nf6 4. d3 h6 5. a3 Bc5 6. b4 Bd4 7. Nge2 O-O 8. Nxd4
Nxd4 9. O-O d6 10. Nd5 c6 11. Ne3 b5 12. Ba2 d5 13. c3 Ne6 14. Ng4 Nxg4 15.
Qxg4 Ng5 16. Qg3 dxe4 17. h4 Nh7 18. Bxh6 Qf6 19. Bg5 Nxg5 20. hxg5 Qg6 21.
dxe4 Qxe4 22. Rfe1 Qf4 23. Qxf4 exf4 24. g6 Be6 25. Bxe6 fxe6 26. Rxe6 Rf6 27.
Rxf6 gxf6 28. Rd1 Kg7 29. Rd6 Rc8 30. Rd7+ Kxg6 31. Rxa7 c5 32. Rb7 cxb4 33.
axb4 Rxc3 34. Rxb5 Rc1+ 35. Kh2 Rc2 36. f3 Rb2 37. Rb8 Kf7 38. b5 Ke7 39. Rb7+
Kd6 40. Rb6+ Ke5 41. Rb8 Kd6 42. Rb6+ Ke5 43. Rb8 Kd6 44. b6 Kd7 45. b7 Kc7 46.
Rf8 Kxb7 47. Rxf6 Rb4 48. Re6 Rb5 49. Kh3 Kc7 50. Re4 Rh5+ 51. Kg4 Rh2 52. g3
fxg3 53. Kxg3 Rh1 54. f4 Kd7 55. Kg4 Rg1+ 56. Kf5 Rg8 57. Kf6 Rg4 58. Kf5 Rg8
59. Kf6 Rg4 60. Kf5 Rg8 1/2-1/2

[Event "4NCL Online Division 4"]
[Site "online"]
[Date "2020.09.08"]
[Round "2.141"]
[White "Smith, Peter J"]
[Black "George, Ian M"]
[Result "0-1"]
[WhiteElo "1667"]
[BlackElo "1945"]
[PlyCount "78"]
[EventDate "2020.09.08"]
[WhiteTeam "Bishop Trojans"]
[BlackTeam "Camborne Trevithick"]

1. h3 d5 2. a3 e5 3. d3 Nc6 4. c3 Nf6 5. Qc2 Be7 6. Nd2 Be6 7. Ngf3 Qd7 8. e4
O-O-O 9. b4 Rdg8 10. b5 Nd8 11. Nxe5 Qxb5 12. d4 Qe8 13. Bd3 dxe4 14. Nxe4 Nd7
15. Rb1 f6 16. Nc4 f5 17. Ng3 Rf8 18. O-O f4 19. Ne4 f3 20. g4 h5 21. g5 Bxc4
22. Bxc4 Nb6 23. Bb5 c6 24. Ba4 Qd7 25. Kh2 Bd6+ 26. Nxd6+ Qxd6+ 27. Kg1 Ne6
28. Bb3 Nf4 29. Bxf4 Qxf4 30. Kh1 Qxg5 31. Rg1 Qf6 32. Rg6 Qe7 33. Rbg1 Kb8 34.
Rxg7 Qh4 35. Kh2 Re8 36. Rg8 Rhxg8 37. Rxg8 Rxg8 38. Bxg8 Qg5 39. Qe4 Qg2# 0-1

[Event "4NCL Online Division 4"]
[Site "online"]
[Date "2020.09.08"]
[Round "2.142"]
[White "Williams, Philip J"]
[Black "Robinson, Brian"]
[Result "1-0"]
[WhiteElo "1855"]
[BlackElo "1557"]
[PlyCount "103"]
[EventDate "2020.09.08"]
[WhiteTeam "Camborne Trevithick"]
[BlackTeam "Bishop Trojans"]

1. d4 Nf6 2. c4 e6 3. Nc3 d5 4. cxd5 exd5 5. Bg5 c6 6. e3 Be7 7. Bd3 h6 8. Bh4
O-O 9. Qc2 Nbd7 10. Nf3 Re8 11. O-O b6 12. Rab1 c5 13. Rfd1 c4 14. Be2 Ne4 15.
Bxe7 Qxe7 16. Nxd5 Qd6 17. Nc3 Nxc3 18. Qxc3 b5 19. b3 Ba6 20. bxc4 bxc4 21.
Rdc1 Rac8 22. Nd2 Nb6 23. Bf3 Rc7 24. Ne4 Qd8 25. Nc5 Bc8 26. a4 Nd5 27. Qxc4
Nb6 28. Qb3 Bf5 29. Ra1 Qc8 30. Qb2 Nd7 31. Nxd7 Bxd7 32. a5 Re6 33. Bg4 Rec6
34. Rxc6 Rxc6 35. Bxd7 Qxd7 36. Rc1 Qc7 37. Rxc6 Qxc6 38. h3 Qc7 39. a6 Qa5 40.
Qe2 Kf8 41. g3 Ke7 42. Qc4 f6 43. Kg2 Qb6 44. Qc8 Kd6 45. Qc4 Qc6+ 46. Qxc6+
Kxc6 47. e4 Kb6 48. e5 Kc6 49. e6 Kd6 50. d5 f5 51. Kf3 g5 52. Ke3 1-0

[Event "4NCL Online Division 4"]
[Site "online"]
[Date "2020.09.08"]
[Round "2.143"]
[White "Bainbridge, Bryan J"]
[Black "Morgan, Jamie"]
[Result "0-1"]
[WhiteElo "1547"]
[BlackElo "1840"]
[PlyCount "104"]
[EventDate "2020.09.08"]
[WhiteTeam "Bishop Trojans"]
[BlackTeam "Camborne Trevithick"]

1. e4 c5 2. Nc3 g6 3. g3 Bg7 4. Bg2 Nc6 5. d3 e6 6. Rb1 Nge7 7. f4 d5 8. Nf3 d4
9. Ne2 e5 10. O-O Bg4 11. h3 Be6 12. g4 exf4 13. Nxf4 Qd7 14. a3 O-O 15. Ng5 h6
16. Ngxe6 fxe6 17. Bd2 g5 18. Nh5 Ng6 19. Qe2 Be5 20. Rxf8+ Rxf8 21. Rf1 Qd6
22. Rxf8+ Qxf8 23. Qf2 Bf4 24. Nxf4 gxf4 25. Bf3 e5 26. Be1 Nd8 27. h4 Ne6 28.
Kh2 Qd8 29. Kh3 Qb6 30. b3 Kg7 31. a4 Nh8 32. Qg2 Nf7 33. Bd1 Qc6 34. Qd2 b6
35. Bf3 a6 36. Qf2 b5 37. axb5 axb5 38. Qd2 b4 39. Qd1 Qa6 40. Qb1 Nd6 41. Bd2
Nb5 42. Qb2 Qa3 43. Qb1 Nc3 44. Bxc3 dxc3 45. Qg1 Qa8 46. Qf2 Nd4 47. h5 Qa1
48. Qg2 Qe1 49. Kh2 Qd2 50. Kh3 Qxg2+ 51. Kxg2 Nxc2 52. Bd1 Ne3+ 0-1

[Event "4NCL Online Division 4"]
[Site "online"]
[Date "2020.09.08"]
[Round "2.144"]
[White "Smith, Richard AL"]
[Black "Berry, Robert"]
[Result "1-0"]
[WhiteElo "1810"]
[BlackElo "1555"]
[PlyCount "139"]
[EventDate "2020.09.08"]
[WhiteTeam "Camborne Trevithick"]
[BlackTeam "Bishop Trojans"]

1. e4 e5 2. f4 d6 3. Nf3 Nc6 4. Bc4 h6 5. O-O Bg4 6. c3 Nf6 7. Qb3 Nxe4 8.
Bxf7+ Kd7 9. Bd5 Nc5 10. Bxc6+ bxc6 11. Qf7+ Qe7 12. Qxe7+ Bxe7 13. fxe5 Bxf3
14. Rxf3 dxe5 15. d4 exd4 16. cxd4 Ne6 17. Rd3 Rad8 18. Be3 Kc8 19. Nc3 Bc5 20.
Rad1 Bb6 21. b4 Rd7 22. d5 Bxe3+ 23. Rxe3 Nf4 24. dxc6 Rxd1+ 25. Nxd1 Rd8 26.
Nc3 Nd3 27. b5 Nb4 28. a4 a6 29. Re4 a5 30. Re7 Rg8 31. Ne4 Nd5 32. Re5 Nb6 33.
Nc5 Kb8 34. Re4 Rd8 35. Nb7 Rd1+ 36. Kf2 Nd5 37. Nxa5 Nc3 38. Re8+ Ka7 39. b6+
cxb6 40. c7 Rc1 41. c8=N+ Ka6 42. Nb3 Rc2+ 43. Ke1 Nxa4 44. Nd6 Rc7 45. Ra8+
Ra7 46. Rxa7+ Kxa7 47. Nf5 Nc5 48. Nxc5 bxc5 49. Nxg7 Kb6 50. h4 Kb5 51. h5 Kb4
52. Kd2 Kb3 53. Kc1 c4 54. Nf5 c3 55. Nxh6 Kc4 56. Nf5 Kd3 57. h6 Ke4 58. h7
Kxf5 59. h8=Q Kg4 60. Qxc3 Kf4 61. Qf3+ Kg5 62. g4 Kh4 63. Kd2 Kg5 64. Qf5+ Kh6
65. g5+ Kg7 66. Qf6+ Kg8 67. Qe7 Kh8 68. g6 Kg8 69. Qf7+ Kh8 70. Qh7# 1-0

[Event "4NCL Online Division 4"]
[Site "online"]
[Date "2020.09.08"]
[Round "2.151"]
[White "Wong, Tristan"]
[Black "Banerjee, Sanjoy K"]
[Result "0-1"]
[WhiteElo "1630"]
[BlackElo "1720"]
[PlyCount "88"]
[EventDate "2020.09.08"]
[WhiteTeam "Warwickshire Bears B"]
[BlackTeam "Atticus B"]

1. d4 Nf6 2. Nc3 d5 3. Bf4 a6 4. e3 Bf5 5. f3 e6 6. g4 Bg6 7. h4 h5 8. g5 Nfd7
9. Bd3 Bxd3 10. Qxd3 g6 11. O-O-O Nb6 12. Be5 Rg8 13. e4 Bd6 14. exd5 Nxd5 15.
Nxd5 exd5 16. Bf6 Be7 17. Re1 Nc6 18. Nh3 Kd7 19. Qb3 Kc8 20. Nf4 Bxf6 21. gxf6
Qxf6 22. Nxd5 Qxd4 23. Re4 Qc5 24. Rhe1 Rd8 25. Re8 Nd4 26. Qa4 b5 27. Rxd8+
Kxd8 28. Nf6 Kc8 29. Ne4 Qe5 30. Qa3 Qf4+ 31. Kb1 Nxf3 32. Re3 Ne5 33. Qc3 Nc4
34. Nc5 Kb8 35. Re2 Qd6 36. Nd3 Ka7 37. b3 Nb6 38. Rd2 Rd8 39. Qa5 Qe6 40. Nc5
Qe1+ 41. Kb2 Qe5+ 42. Kb1 Qe1+ 43. Kb2 Qe5+ 44. Kc1 Qa1# 0-1

[Event "4NCL Online Division 4"]
[Site "online"]
[Date "2020.09.08"]
[Round "2.152"]
[White "Burge, Steve J"]
[Black "Pillay, Shriya"]
[Result "1/2-1/2"]
[WhiteElo "1712"]
[BlackElo "1502"]
[PlyCount "42"]
[EventDate "2020.09.08"]
[WhiteTeam "Atticus B"]
[BlackTeam "Warwickshire Bears B"]

1. e4 e5 2. f4 d6 3. Nf3 Nc6 4. Bc4 h6 5. O-O Nf6 6. Nc3 Bg4 7. d3 Nd4 8. fxe5
dxe5 9. Bxf7+ Ke7 10. Bc4 Nxf3+ 11. Rxf3 Ke8 12. Be3 Qd7 13. Qf1 Bxf3 14. Qxf3
Ng4 15. Rf1 Nxe3 16. Qxe3 b6 17. Qf3 Bc5+ 18. Kh1 Rf8 19. Qh5+ Ke7 20. Qxe5+
Kd8 21. Rxf8+ Bxf8 1/2-1/2

[Event "4NCL Online Division 4"]
[Site "online"]
[Date "2020.09.08"]
[Round "2.153"]
[White "Amir, Zain"]
[Black "Wadsworth, Mark S"]
[Result "0-1"]
[WhiteElo "1427"]
[BlackElo "1690"]
[PlyCount "96"]
[EventDate "2020.09.08"]
[WhiteTeam "Warwickshire Bears B"]
[BlackTeam "Atticus B"]

1. c4 e5 2. Nc3 Nf6 3. g3 Nc6 4. Bg2 Bb4 5. e3 O-O 6. Nge2 d6 7. O-O Bf5 8. d3
Qd7 9. e4 Bh3 10. Bg5 Bxg2 11. Kxg2 Qe6 12. Nd5 Ba5 13. Bxf6 gxf6 14. b4 Nxb4
15. Nxb4 Bxb4 16. Qb3 Ba5 17. f4 Bb6 18. f5 Qe7 19. a4 a5 20. Rab1 Rab8 21. Qc2
Bc5 22. Qd2 Bb4 23. Qh6 Kh8 24. Rfc1 Rg8 25. Nc3 c6 26. Kh1 Rg5 27. Qh3 Qf8 28.
Na2 Bc5 29. Rc2 Qg7 30. Rcb2 b6 31. Rg2 Kg8 32. Nc3 Kf8 33. Ne2 Ke7 34. Ng1 Rg8
35. Nf3 Rg4 36. Rb3 h6 37. Rb1 Be3 38. Rb3 Qh7 39. Rb1 h5 40. Nh4 Qh6 41. Rb3
Bc5 42. Rb1 Qe3 43. Rd1 Qg5 44. Nf3 Qh6 45. Nh4 d5 46. Rb1 dxc4 47. dxc4 Rxe4
48. Rc1 Qxc1+ 0-1

[Event "4NCL Online Division 4"]
[Site "online"]
[Date "2020.09.08"]
[Round "2.154"]
[White "Wiseman, Jim K"]
[Black "He, Tom Junde"]
[Result "1-0"]
[WhiteElo "1607"]
[BlackElo "1465"]
[PlyCount "121"]
[EventDate "2020.09.08"]
[WhiteTeam "Atticus B"]
[BlackTeam "Warwickshire Bears B"]

1. e4 c5 2. d4 cxd4 3. c3 dxc3 4. Nxc3 d6 5. Bc4 Be6 6. Nd5 Nf6 7. Bb5+ Bd7 8.
Nxf6+ exf6 9. Bc4 Nc6 10. Ne2 Ne5 11. Bb3 Qa5+ 12. Nc3 Be7 13. O-O O-O 14. Nd5
Qd8 15. Be3 f5 16. Nxe7+ Qxe7 17. exf5 Bxf5 18. Bd5 Ng4 19. Bf4 Rab8 20. Bxd6
Qh4 21. Bxb8 Rxb8 22. h3 Nf6 23. Qf3 Bg6 24. Bxb7 Bh5 25. Qc6 Qb4 26. Rac1 h6
27. Ba6 Rb6 28. Qc8+ Kh7 29. Bd3+ Bg6 30. Bxg6+ fxg6 31. Qc3 Qxb2 32. Qxb2 Rxb2
33. Ra1 Ne4 34. a4 a5 35. f3 Nc3 36. Rf2 Rb4 37. Rc2 Rxa4 38. Rxa4 Nxa4 39. Ra2
Nc3 40. Rxa5 Ne2+ 41. Kf2 Nf4 42. Ra4 Nd3+ 43. Kg3 Nc5 44. Rc4 Ne6 45. f4 g5
46. f5 Nd8 47. Rc7 h5 48. Kf3 Kh6 49. g4 h4 50. Rd7 g6 51. Rxd8 gxf5 52. gxf5
Kg7 53. Kg4 Kf6 54. Rd6+ Ke7 55. Re6+ Kf7 56. Kxg5 Kf8 57. f6 Kf7 58. Re7+ Kg8
59. Kg6 Kf8 60. Re6 Kg8 61. Re8# 1-0

[Event "4NCL Online Division 4"]
[Site "online"]
[Date "2020.09.08"]
[Round "2.161"]
[White "Marshall, John R"]
[Black "Adaway, William"]
[Result "1/2-1/2"]
[WhiteElo "1660"]
[BlackElo "1952"]
[PlyCount "87"]
[EventDate "2020.09.08"]
[WhiteTeam "Temple Sutton"]
[BlackTeam "Wessex Some Stars C"]

1. d4 Nf6 2. c4 e6 3. Nf3 b6 4. g3 Bb7 5. Bg2 c6 6. O-O Be7 7. Nc3 d5 8. cxd5
cxd5 9. Bf4 O-O 10. Rc1 Nc6 11. Ne5 Nxe5 12. dxe5 Nd7 13. e4 dxe4 14. Nxe4 Bd5
15. Qg4 f5 16. exf6 Nxf6 17. Nxf6+ Bxf6 18. Rcd1 Qc8 19. Bxd5 exd5 20. Qxc8
Rfxc8 21. Rxd5 Bxb2 22. Rfd1 Bf6 23. Be5 Bxe5 24. Rxe5 Rc7 25. a4 Rac8 26. Red5
Rc1 27. Kg2 Rxd1 28. Rxd1 Rc7 29. Rd4 Kf7 30. h4 Ke6 31. f4 h5 32. Re4+ Kf6 33.
Kf3 Rc3+ 34. Kf2 Ra3 35. Kg2 g6 36. Kf2 Kf5 37. Re5+ Kf6 38. Re4 Rb3 39. Rd4
Ke6 40. Re4+ Kd6 41. Rd4+ Ke6 42. Re4+ Kd6 43. Rd4+ Ke6 44. Re4+ 1/2-1/2